Communes les plus peuplées des départements de Corse & d'Outre-mer - Statistiques

Statistiques générales
  • Ce quiz a été pris 125 fois
  • Le résultat moyen est 14 sur 30
Statistiques - réponses
% Correct
Corse-du-Sud #1 Ajaccio 72 647
98%
Haute-Corse #1 Bastia 48 296
98%
La Réunion #1 Saint-Denis 153 001
90%
Corse-du-Sud #2 Porto-Vecchio 11 040
89%
Martinique #1 Fort-de-France 75 286
86%
Guyane #1 Cayenne 65 956
83%
La Réunion #3 Saint-Pierre 83 930
77%
La Réunion #4 Le Tampon 80 778
73%
La Réunion #2 Saint-Paul 104 301
72%
Guadeloupe #1 Les Abymes 52 948
71%
Haute-Corse #4 Corte 7 549
70%
Guyane #2 Saint-Laurent-du-Maroni 49 173
68%
Guyane #5 Kourou 24 805
60%
Haute-Corse #2 Borgo 9 254
43%
La Réunion #5 Saint-André 56 857
42%
Martinique #2 Le Lamentin 39 628
37%
Haute-Corse #3 Biguglia 7 732
30%
Martinique #3 Le Robert 21 627
27%
Guadeloupe #4 Sainte-Anne 24 430
27%
Corse-du-Sud #4 Propriano 3 705
25%
Martinique #4 Schœlcher 19 467
24%
Guadeloupe #2 Baie-Mahault 30 316
20%
Guyane #4 Remire-Montjoly 25 793
18%
Guadeloupe #3 Le Gosier 26 919
17%
Guyane #3 Matoury 34 474
17%
Corse-du-Sud #3 Bastelicaccia 4 250
11%
Guadeloupe #5 Petit-Bourg 24 412
11%
Haute-Corse #5 Lucciana 6 036
9%
Martinique #5 Ducos 17 504
6%
Corse-du-Sud #5 Alata 3 562
5%
Aucun quiz correspondant
Distribution des résultats
% des personnes avec chaque résultat
Percentile par nombre de réponses
Votre historique - résultats
Vous n’avez pas pris ce quiz